Normal view
MARC view
- MUHAMMAD BILAL TOOBA RAFIQUE FILZA ALI
Entry Personal Name
001 - CONTROL NUMBER
- control field: 71357
003 - CONTROL NUMBER IDENTIFIER
- control field: NUST
005 - DATE AND TIME OF LATEST TRANSACTION
- control field: 20210628204627.0
008 - FIXED-LENGTH DATA ELEMENTS
- fixed length control field: 210628|| aca||aabn | a|a d
040 ## - CATALOGING SOURCE
- Original cataloging agency: NUST
- Transcribing agency: NUST
100 ## - HEADING--PERSONAL NAME
- Personal name: MUHAMMAD BILAL TOOBA RAFIQUE FILZA ALI
670 ## - SOURCE DATA FOUND
- Source citation: Work cat.: (NUST): MUHAMMAD BILAL TOOBA RAFIQUE FILZA ALI, PR-SOF-1639-RFID BASED SMART TICKETING SYSTEM, 2017
